Light : (Record no. 352380)
[ view plain ]
| 000 -LEADER | |
|---|---|
| fixed length control field | 00939 a2200253 4500 |
| 003 - CONTROL NUMBER IDENTIFIER | |
| control field | OSt |
| 005 - DATE AND TIME OF LATEST TRANSACTION | |
| control field | 20180116192333.0 |
| 008 - FIXED-LENGTH DATA ELEMENTS--GENERAL INFORMATION | |
| fixed length control field | 120516t xxu||||| |||| 00| 0 eng d |
| 010 ## - LIBRARY OF CONGRESS CONTROL NUMBER | |
| LC control number | 94023794 |
| 020 ## - INTERNATIONAL STANDARD BOOK NUMBER | |
| International Standard Book Number | 0442018045 |
| 040 ## - CATALOGING SOURCE | |
| Transcribing agency | 0 |
| 082 00 - DEWEY DECIMAL CLASSIFICATION NUMBER | |
| Classification number | 729 |
| 100 1# - MAIN ENTRY--PERSONAL NAME | |
| Personal name | Michel, Lou. |
| 9 (RLIN) | 1414 |
| 245 10 - TITLE STATEMENT | |
| Title | Light : |
| Remainder of title | the shape of space : designing with space and light / |
| Statement of responsibility, etc. | Lou Michel. |
| 260 ## - PUBLICATION, DISTRIBUTION, ETC. | |
| Place of publication, distribution, etc. | New York : |
| Name of publisher, distributor, etc. | Van Nostrand Reinhold, |
| Date of publication, distribution, etc. | c1996. |
| 300 ## - PHYSICAL DESCRIPTION | |
| Extent | xxi, 277 p., [16] of plates : |
| Other physical details | ill. (some col.) ; |
| Dimensions | 29 cm. |
| 500 ## - GENERAL NOTE | |
| General note | Includes bibliographycal refrences & indexe |
| 505 ## - FORMATTED CONTENTS NOTE | |
| Formatted contents note | Part 1. Visual perception and light Part 2. Analysis of architectural space Part 3. Designing with space and light |
| 650 #0 - SUBJECT ADDED ENTRY--TOPICAL TERM | |
| Topical term or geographic name entry element | Space (Architecture) |
| 9 (RLIN) | 1415 |
| 650 #0 - SUBJECT ADDED ENTRY--TOPICAL TERM | |
| Topical term or geographic name entry element | Visual perception. |
| 9 (RLIN) | 1416 |
| 650 #0 - SUBJECT ADDED ENTRY--TOPICAL TERM | |
| Topical term or geographic name entry element | Light in architecture. |
| 9 (RLIN) | 1417 |
| 942 ## - ADDED ENTRY ELEMENTS (KOHA) | |
| Institution code [OBSOLETE] | SADA |
| Koha item type | Book |
| Call number prefix | 729 MIC 1996 |
| Source of classification or shelving scheme | |
| Withdrawn status | Lost status | Source of classification or shelving scheme | Damaged status | Not for loan | Permanent Location | Current Location | Date acquired | Total Checkouts | Total Renewals | Full call number | Barcode | Date last seen | Date last checked out | Cost, replacement price | Price effective from | Koha item type |
|---|---|---|---|---|---|---|---|---|---|---|---|---|---|---|---|---|
| School of Art Design and Architecture (SADA) | School of Art Design and Architecture (SADA) | 11/10/2010 | 13 | 3 | 729 MIC 1996 | SADA0000418 | 12/02/2024 | 09/12/2024 | 7433.00 | 08/05/2011 | Book |
